00946cam a2200265 i 4500001000300000003000900003005001700012008003900029015001500068040003500083041001300118080000700131080001000138245014000148246003900288260005500327300002800382504003600410650001100446655002600457700003100483700002800514710004100542856009700583bgKOSZ 00520190725111845.0070916s1967 pl a f f 001 0 pol aPB 1968/33 aWA NcKOSZ 005/HRdKOSZ 005/HR1 apolhcze a53 a(076)00aFizyka w przykładach /c[oprac.] zespół Katedry Fizyki Politechniki w Koszycach pod kier. Wladimíra Hajko ; tł. Czesław Wachtl.1 iTyt. oryg.:aFyzika v príkladoh. aWarszawa :bWydawnictwa Naukowo-Techniczne,c1967. a412 s. :bil. ;c25 cm. aBibliogr. s. [405]-407. Indeks. 4aFizyka 4aĆwiczenia i zadania1 aHajko, Vladimír.eOprac.1 aWachtl, Czesław.eTł.2 aWydawnictwa Naukowo-Techniczne4pbl. uhttp://koha.tu.koszalin.pl/cgi-bin/koha/opac-detail.pl?biblionumber=8374yKatalog online BPK